000 00774nam a2200253Ia 4500
005 20250425162159.0
008 250425s9999 xx 000 0 und d
020 _a8428318980
041 _aspa
043 _asp
082 _a642.56
_pCER
100 _aCerra, Javier
245 0 _aCurso de servicios hoteleros : técnicas y organización 3 : Vinos, gestión de restaurante y cafetería
_cJavier Cerra
250 _aPrimera edición
260 _aMadrid
_bPARANINFO
_c1992
300 _a366 páginas
_bilustraciones
_c24 cm.
500 _a- Vinos; - Gestión de restaurante y cafetería
650 _aRestaurantes, hoteles y servicios
650 _aServicio al cliente
650 _aServicios hoteleros
902 _cImpreso
942 _c01
010 _a54573
999 _c223971
_d223971